Größte Gemeinden Österreichs mit "S" - Statistiken

Allgemein
  • Dieses Quiz wurde 64 mal gespielt
  • Das Durchschnittsergebnis liegt bei 7 aus 10
Antwortstatistiken
Einwohner Bezirk Bundesland Gemeinde % Korrekt
154.211 Salzburg Salzburg Salzburg
100%
55.044 St. Pölten Niederösterreich St. Pölten
88%
15.365 Spittal an der Drau Kärnten Spittal an der Drau
86%
38.193 Steyr Oberösterreich Steyr
86%
13.618 Schwaz Tirol Schwaz
73%
16.820 Zell am See Salzburg Saalfelden
71%
18.564 Bruck an der Leitha Niederösterreich Schwechat
65%
12.557 St. Veit an der Glan Kärnten St. Veit an der Glan
61%
17.010 Korneuburg Niederösterreich Stockerau
55%
11.216 Graz-Umgebung Steiermark Seiersberg-Pirka
47%
Keine übereinstimmenden Quizze gefunden
Verteilung der Resultate
Anzahl Personen mit jedem Resultat
Perzentil nach korrekt beantworteten Fragen
Ihre Resultats-Entwicklung
Sie haben dieses Quiz noch nicht gespielt